Statistics for Countries with German as an Official Language

Click here to take the quiz!

General Stats

  • This quiz has been taken 53 times
  • The average score is 6 of 6

Answer Stats

PercentageAnswer% Correct
98%Austria
100%
95%Germany
100%
63%Switzerland
100%
78%Luxembourg
98%
95%Liechtenstein
94%
1%Belgium
92%

Score Distribution

Percentile by Number Answered

Percent of People with Each Score

Your Score History

You have not taken this quiz